Účtovníctvo a poradenstvo špecializovaný odborný časopis
Salvato in:
| Natura: | Periodico |
|---|---|
| Lingua: | slovacco |
| Pubblicazione: |
Bratislava
Ing. Miroslav Mračko, EPOS
|
| Soggetti: | |
| Tags: |
Nessun Tag, puoi essere il primo ad aggiungerne!!
|
MARC
| LEADER | 00000nas1a2200000 4500 | ||
|---|---|---|---|
| 001 | s124277 | ||
| 005 | 20250721085902.1 | ||
| 022 | |a 1335-9509 | ||
| 041 | 0 | |a slo | |
| 044 | |a SK | ||
| 245 | 1 | 0 | |a Účtovníctvo a poradenstvo |b špecializovaný odborný časopis |
| 264 | 1 | |a Bratislava |b Ing. Miroslav Mračko, EPOS | |
| 610 | 2 | 0 | |a účtovníctvo |
| 610 | 2 | 0 | |a poradenstvo |
| 610 | 2 | 0 | |a dane |